Normal view MARC view
  • Concrete piling

Entry Topical Term

Number of records used in: 2

001 - CONTROL NUMBER

  • control field: 42621

003 - CONTROL NUMBER IDENTIFIER

  • control field: NUST

005 - DATE AND TIME OF LATEST TRANSACTION

  • control field: 20210314132351.0

008 - FIXED-LENGTH DATA ELEMENTS

  • fixed length control field: 210314|| aca||aabn | a|a d

040 ## - CATALOGING SOURCE

  • Original cataloging agency: NUST
  • Transcribing agency: NUST

150 ## - HEADING--TOPICAL TERM

  • Topical term or geographic name entry element: Concrete piling

670 ## - SOURCE DATA FOUND

  • Source citation: Work cat.: (NUST): Lee, Donovan Henry. [from old catalog] 42618, sheet piling, Cofferdams and Caissons., [1945]
© 2023 Central Library, National University of Sciences and Technology. All Rights Reserved.